Re Leigh Estates (UK) Ltd (In Administrative Receivership) (Record no. 2163)

MARC details
000 -LEADER
fixed length control field 01649cab a2200265 4500
001 - CONTROL NUMBER
control field ABS50973
008 - FIXED-LENGTH DATA ELEMENTS--GENERAL INFORMATION
fixed length control field 090401t1994 xxu||||| |||| 00| 0 eng d
035 ## - SYSTEM CONTROL NUMBER
System control number (Sirsi) u3513
041 ## - LANGUAGE CODE
Language code of text/sound track or separate title eng
245 ## - TITLE STATEMENT
Title Re Leigh Estates (UK) Ltd (In Administrative Receivership)
260 ## - PUBLICATION, DISTRIBUTION, ETC.
Date of publication, distribution, etc. 1994
350 ## - PRICE (NR) (BK AM CF MU VM SE) [OBSOLETE]
Price 0
490 ## - SERIES STATEMENT
Series statement Rating Appeals
Volume/sequential designation 1994 RA 57-65(9)
520 ## - SUMMARY, ETC.
Summary, etc. ChD 8 December 1993. A company was in the hands of administrative receivers, the council being the petitioning creditor for a sum of £70,983.94 for unoccupied rates. The council claimed that the court should make a winding-up order because liability in respect of unpaid rates for the premises fell upon the company which was unable to pay and therefore so long as the receivership continued the rates due would remain unpaid. If a winding-up order was made then the receivers or the banks would become liable for the rates charged on the premises. Detailed evidence was given of the financial disadvantages of receivership. The council's petition was dismissed on the grounds that recovery of rates would be at the expense of the secured creditors and would cause any chance they had of reimbursement to disappear. The reason for seeking to wind up the company was not to swell the estate of the company but to gain a preference over the secured and unsecured creditors.
650 ## - SUBJECT ADDED ENTRY--TOPICAL TERM
Topical term or geographic name entry element ADMINISTRATIVE RECEIVERS
650 ## - SUBJECT ADDED ENTRY--TOPICAL TERM
Topical term or geographic name entry element RATES
650 ## - SUBJECT ADDED ENTRY--TOPICAL TERM
Topical term or geographic name entry element RECEIVERSHIP
650 ## - SUBJECT ADDED ENTRY--TOPICAL TERM
Topical term or geographic name entry element SECURED CREDITORS
650 ## - SUBJECT ADDED ENTRY--TOPICAL TERM
Topical term or geographic name entry element UNOCCUPIED RATES
650 ## - SUBJECT ADDED ENTRY--TOPICAL TERM
Topical term or geographic name entry element UNOCCUPIED PROPERTY
650 ## - SUBJECT ADDED ENTRY--TOPICAL TERM
Topical term or geographic name entry element WINDING-UP ORDERS
690 ## - LOCAL SUBJECT ADDED ENTRY--TOPICAL TERM (OCLC, RLIN)
Topical term or geographic name as entry element RATING AND VALUATION-CASE LAW
942 ## - ADDED ENTRY ELEMENTS (KOHA)
Suppress in OPAC 0
948 ## - LOCAL PROCESSING INFORMATION (OCLC); SERIES PART DESIGNATOR (RLIN)
c (OCLC) 04/03/1997
Holdings
Withdrawn status Lost status Source of classification or shelving scheme Damaged status Not for loan Home library Current library Shelving location Date acquired Total Checkouts Full call number Barcode Date last seen Copy number Price effective from Koha item type
    Dewey Decimal Classification     London London Journal article 14/09/1999   ABS50973 3513-1001 06/08/2019 1 06/08/2019 Law report